000 00304nam a22001337a 4500
008 181015b xxu||||| |||| 00| 0 eng d
020 _a9780195122657
041 _aeng
080 _a370
100 _a49
101 _aEDU
245 _aThe Oxford Handbook Of Memory
_cTulving.E
942 _2udc
_cBK
999 _c49789
_d49789